00422nam a2200169Ia 450000500170000000800410001702000100005804000190006804100120008708200110009910000170011024500390012726000410016630000120020765000230021985000100024220231103100033.0131103s9999 xx 000 0 und d cRs.12 aLoreto College aEnglish aFbSMI aSmith,Wilbur 4aThe eye of the tigercWilbur Smith aLondonbWilliam Heinemann Ltd.c1975 a334 p.  aFiction in English aLCLIB